| 000 | 00000nam##2200000za#4500 |
| 001 | 9.630603 |
| 003 | CaOODSP |
| 005 | 20240710082140 |
| 007 | cr ||||||||||| |
| 008 | 150407|2001||||xxc|||||o f|0| 0 fre|d |
| 020 | |a0-662-85752-6 |
| 040 | |aCaOODSP|bfre |
| 043 | |an-cn--- |
| 086 | 1 |aMR21-27/2001F-IN |
| 110 | 2 |aInstituts de recherche en santé du Canada. |
| 245 | 10|aRecherche sur les cellules souches humaines : |h[ressource électronique]|bla santé dans un cadre éthique : document de travail / |
| 260 | |aOttawa - Ontario : |bInstituts de recherche en santé du Canada |c[2001]. |
| 300 | |a37p. |
| 590 | |a12-31-Supp|b2012-07-06 |
| 691 | 07|aBioéthique|2gcpds |
| 691 | 07|aBiotechnologie|2gcpds |
| 691 | 07|aRecherche médicale|2gcpds |
| 775 | 08|tHuman stem cell research : |w(CaOODSP)9.686073 |
| 776 | 0#|tRecherche sur les cellules souches humaines : |w(CaOODSP)9.681478 |
| 856 | 40|ahttp://publications.gc.ca|qPDF|s389 Ko|uhttps://publications.gc.ca/collections/Collection/MR21-27-2001F.pdf |